000 00391nam a2200145Ia 4500
008 090124s9999 xx 000 0 und d
082 _b35696
245 _a अडीच अक्षरे
250 _a1
260 _bभावे अर्चना
_c2008
300 _a71
630 _a अडीच अक्षरे
730 _a अडीच अक्षरे
942 _cBOOK
999 _c200825
_d200825